| 000 | 00479nam a2200181Ia 4500 | ||
|---|---|---|---|
| 001 | 8275 | ||
| 005 | 20260306160557.0 | ||
| 008 | 260306t2012||||xx |||||||||||||| ||spa|| | ||
| 041 | _aESP | ||
| 082 |
_a370.1523 _bG317 |
||
| 100 |
_aGarzón, Magdalena _eAUT |
||
| 245 | 0 |
_aActividades escolares con TIC: _bherramientas para el aula y selección de recursos |
|
| 260 | _c2012 | ||
| 300 |
_a110 páginas : _c26 cm. |
||
| 650 | _aGEN | ||
| 654 | _aCED | ||
| 942 |
_cLIB _dJUS _fJUS _2ddc _n |
||
| 999 |
_c8275 _d8275 |
||